Formula 1: Most Points Per Decade 1990-1999 - Statistics

General Stats
  • This quiz has been taken 293 times
  • The average score is 22 of 31
Answer Stats
Points Driver Nationality % Correct
492 Michael Schumacher Germany
100%
297 Ayrton Senna Brazil
99%
294 Mika Häkkinen Finland
99%
62 Ralf Schumacher Germany
99%
206 Alain Prost France
97%
360 Damon Hill UK
96%
230 Nigel Mansell UK
96%
180 Jacques Villeneuve Canada
95%
267 Gerhard Berger Austria
92%
221 David Coulthard UK
90%
77 Rubens Barrichello Brazil
87%
70.5 Nelson Piquet Brazil
86%
228 Jean Alesi France
83%
142 Heinz-Harald Frentzen Germany
81%
173 Eddie Irvine UK
77%
152 Riccardo Patrese Italy
77%
49 Giancarlo Fisichella Italy
72%
93 Johnny Herbert UK
71%
25 Mika Salo Finland
71%
36 Thierry Boutsen Belgium
68%
84 Martin Brundle UK
64%
56 Olivier Panis France
63%
24 Alexander Wurz Austria
58%
32 Mark Blundell UK
51%
21 Andrea de Cesaris Italy
42%
21 Alessandro Nannini Italy
38%
14 Roberto Moreno Brazil
32%
12 Christian Fittipaldi Brazil
29%
14 Karl Wendlinger Austria
28%
13 Stefano Modena Italy
22%
12 Pierluigi Martini Italy
21%
No matching quizzes found
Score Distribution
Percent of People with Each Score
Percentile by Number Answered
Your Score History
You have not taken this quiz